[Event "NOR-chB"]
[Site "Tromsoe"]
[Date "2016.07.09"]
[Round "1"]
[White "Royset, Jon Kristian"]
[Black "Woldseth, Ole"]
[Result "1-0"]
[WhiteElo "2226"]
[BlackElo "2101"]
[PlyCount "57"]
[EventDate "2016.07.09"]
[EventType "swiss"]
[EventRounds "9"]
[EventCountry "NOR"]
[SourceTitle "EXT 2024"]
[Source "ChessBase"]
[SourceDate "2023.10.10"]
[SourceVersion "1"]
[SourceVersionDate "2023.10.10"]
[SourceQuality "1"]

1. e4 c6 2. d4 d5 3. e5 Bf5 4. Nf3 e6 5. Be2 Nd7 6. 0-0 Bg4 7. Nbd2 Ne7 8. h3 Bxf3 9. Nxf3 c5 10. c3 cxd4 11. cxd4 Nc6 12. a3 Be7 13. b4 0-0 14. Bd3 a6 15. Re1 Rc8 16. Bb1 b5 17. Qd3 g6 18. Bh6 Re8 19. Qd2 a5 20. Bd3 axb4 21. Bxb5 bxa3 22. Qf4 Qb6 23. Reb1 Qc7 24. Rc1 Ndb8 25. Ng5 Rf8 26. Rxa3 Qd8 27. Rac3 Nxd4 28. Bxf8 Bxg5 29. Rxc8 1-0

[Event "NOR-chT 1516"]
[Site "Norway"]
[Date "2015.11.01"]
[Round "3.2"]
[White "Haarr, Jon Kristian"]
[Black "Royset, Jon Kristian"]
[Result "1-0"]
[WhiteElo "2209"]
[BlackElo "2250"]
[PlyCount "83"]
[EventDate "2015.10.30"]
[EventType "team-tourn"]
[EventRounds "9"]
[EventCountry "NOR"]
[SourceTitle "CBM 169 Extra"]
[Source "ChessBase"]
[SourceDate "2015.12.18"]
[SourceVersion "1"]
[SourceVersionDate "2015.12.18"]
[SourceQuality "1"]
[WhiteTeam "Stavanger"]
[BlackTeam "Tromsoe"]
[WhiteTeamCountry "NOR"]
[BlackTeamCountry "NOR"]

1. e4 c5 2. d4 cxd4 3. c3 dxc3 4. Nxc3 Nc6 5. Nf3 e6 6. Bc4 Bb4 7. 0-0 Nge7 8. Bg5 Bxc3 9. bxc3 d5 10. exd5 exd5 11. Bb5 0-0 12. Re1 f6 13. Be3 Bg4 14. h3 Bh5 15. Bc5 Re8 16. g4 Bf7 17. Nd4 Rc8 18. Rb1 Qa5 19. Bxe7 Rxe7 20. Bxc6 Rxe1+ 21. Qxe1 bxc6 22. Nxc6 Qc7 23. Ne7+ Kf8 24. Nxc8 Qxc8 25. Qe3 Qc7 26. Rb5 h5 27. Qc5+ Qxc5 28. Rxc5 hxg4 29. hxg4 d4 30. cxd4 Bxa2 31. Ra5 Bc4 32. Rxa7 Be2 33. g5 fxg5 34. Kg2 g6 35. Kg3 Ke8 36. Ra5 Kd7 37. Rxg5 Bd3 38. Ra5 Kd6 39. Kf4 Bc2 40. Ke3 Bb1 41. f4 Bc2 42. d5 1-0

[Event "NOR-ch"]
[Site "Oslo"]
[Date "2015.07.05"]
[Round "2"]
[White "Royset, Jon Kristian"]
[Black "Mikalsen, Erlend"]
[Result "0-1"]
[WhiteElo "2279"]
[BlackElo "2334"]
[PlyCount "104"]
[EventDate "2015.07.04"]
[EventType "swiss"]
[EventRounds "9"]
[EventCountry "NOR"]
[SourceTitle "CBM 167 Extra"]
[Source "ChessBase"]
[SourceDate "2015.09.14"]
[SourceVersion "1"]
[SourceVersionDate "2015.09.14"]
[SourceQuality "1"]

1. e4 c5 2. Nc3 Nc6 3. Bb5 Nd4 4. Nf3 g6 5. Nxd4 cxd4 6. Ne2 Bg7 7. 0-0 Qb6 8. Bd3 Nf6 9. b3 d5 10. e5 Ne4 11. f4 Bg4 12. Qe1 Nc5 13. Bb2 Nxd3 14. cxd3 Qa6 15. Nc1 0-0 16. Qh4 Be6 17. Qxe7 f6 18. exf6 Bxf6 19. Qb4 Rac8 20. Bxd4 Rc4 21. Qxf8+ Kxf8 22. Bxf6 Qb6+ 23. Rf2 Rxf4 24. d4 Rxf2 25. Kxf2 Bg4 26. Be5 Qe6 27. h3 Qf5+ 28. Kg1 Qc2 29. b4 Bf5 30. Nb3 b6 31. Bf4 Be4 32. Be3 Ke8 33. Kh2 Qc7+ 34. g3 Qc4 35. Re1 Qxb4 36. Nc1 Kd7 37. Ne2 Bd3 38. Nc3 Bc4 39. Bg5 Qf8 40. Kg2 h6 41. Be3 g5 42. Ra1 b5 43. a3 a5 44. g4 Bd3 45. Kg3 Qb8+ 46. Kg2 b4 47. axb4 axb4 48. Na4 Be4+ 49. Kf1 Qh2 50. Nc5+ Kc6 51. Ra6+ Kb5 52. Rxh6 Bf3 0-1

[Event "NOR North-ch"]
[Site "Tromsoe"]
[Date "2015.05.22"]
[Round "5"]
[White "Royset, Jon Kristian"]
[Black "Johnsen, Kjell Magne"]
[Result "1-0"]
[WhiteElo "2252"]
[BlackElo "2022"]
[PlyCount "131"]
[EventDate "2015.05.22"]
[EventType "swiss"]
[EventRounds "6"]
[EventCountry "NOR"]
[SourceTitle "EXT 2024"]
[Source "ChessBase"]
[SourceDate "2023.10.10"]
[SourceVersion "1"]
[SourceVersionDate "2023.10.10"]
[SourceQuality "1"]

1. e4 e6 2. d4 d5 3. Nc3 Nf6 4. e5 Nfd7 5. f4 c5 6. Nf3 Nc6 7. Ne2 f6 8. c3 cxd4 9. Nexd4 Nc5 10. Be3 Bd7 11. g3 Nxd4 12. Bxd4 f5 13. Be3 Ne4 14. Bd3 Bc5 15. Bxc5 Nxc5 16. Nd4 Qb6 17. Rb1 a6 18. Qh5+ g6 19. Qe2 Rc8 20. Kf2 Nxd3+ 21. Qxd3 Qa5 22. Ra1 Qc5 23. Kg2 Ke7 24. Rhg1 Bb5 25. Qe3 a5 26. Rgd1 Rc7 27. Kf2 Ba6 28. Nc2 Qxe3+ 29. Kxe3 Rhc8 30. Rd4 b5 31. a3 Rc4 32. Rad1 Kd7 33. Kf2 Ke7 34. Ne3 Rxd4 35. Rxd4 Rc7 36. Ke1 Rc8 37. Kd2 Rc7 38. Nc2 Rc8 39. Na1 Rc7 40. Nb3 a4 41. Na1 Bc8 42. Nc2 Bd7 43. Rb4 Rc8 44. Ke3 Rc7 45. Nd4 Rc5 46. Nf3 h6 47. Rd4 Rc8 48. Rd2 Rc4 49. Nd4 Kf7 50. Rg2 Rc8 51. h3 Rc4 52. g4 Be8 53. gxf5 gxf5 54. h4 Bd7 55. h5 Rc8 56. Rg6 Rg8 57. Rxh6 Rg2 58. Rh7+ Rg7 59. Rxg7+ Kxg7 60. Ne2 Kh6 61. Ng3 Be8 62. Kd4 Bxh5 63. Kc5 Be8 64. Kd6 Bf7 65. Ke7 Bg8 66. Kf8 1-0

[Event "NOR North-ch"]
[Site "Tromsoe"]
[Date "2015.05.22"]
[Round "4"]
[White "Skagseth, Havard M"]
[Black "Royset, Jon Kristian"]
[Result "0-1"]
[WhiteElo "2047"]
[BlackElo "2252"]
[PlyCount "144"]
[EventDate "2015.05.22"]
[EventType "swiss"]
[EventRounds "6"]
[EventCountry "NOR"]
[SourceTitle "EXT 2024"]
[Source "ChessBase"]
[SourceDate "2023.10.10"]
[SourceVersion "1"]
[SourceVersionDate "2023.10.10"]
[SourceQuality "1"]

1. e4 c5 2. Nf3 e6 3. d4 cxd4 4. Nxd4 Nf6 5. Nc3 Bb4 6. e5 Nd5 7. Bd2 Nxc3 8. bxc3 Be7 9. Qg4 g6 10. Bh6 Qa5 11. Qg3 Nc6 12. Nb5 a6 13. Nd6+ Bxd6 14. exd6 Nd4 15. Qd3 Qe5+ 16. Be3 Nf5 17. Rd1 b5 18. Be2 Bb7 19. 0-0 0-0 20. a4 bxa4 21. Bc1 Rfc8 22. c4 Qe4 23. Qxe4 Bxe4 24. Rd2 Rab8 25. Ba3 Bc6 26. Ra1 Nh4 27. f3 Nf5 28. Kf2 Nh6 29. Bd3 f6 30. h3 Nf7 31. f4 a5 32. c5 Re8 33. Bc4 Rb7 34. Ba6 Ra7 35. Bc4 Rb8 36. Rdd1 Be4 37. Bd3 Bd5 38. Be2 Nd8 39. Rd4 Bc6 40. g3 Rab7 41. Rdd1 Be4 42. Bd3 Bd5 43. Ba6 Ra7 44. Be2 Nc6 45. Bf3 Bxf3 46. Kxf3 Rab7 47. Ke3 Kf7 48. Kd3 h5 49. Re1 Rg8 50. Re4 f5 51. Rxa4 g5 52. Ke3 gxf4+ 53. Kxf4 Kf6 54. Kf3 e5 55. Kf2 Rb5 56. Rc4 Rgb8 57. Bc1 Rb4 58. Rc3 h4 59. gxh4 Rxh4 60. Kg3 Rbh8 61. Kg2 f4 62. Rb1 e4 63. Rb7 Ke6 64. Bb2 Rg8+ 65. Kf1 e3 66. Rc4 Rg3 67. Re4+ Kd5 68. Re8 Rhxh3 69. Rxd7 Rh1+ 70. Ke2 Rh2+ 71. Kf1 Rf2+ 72. Ke1 Rg1# 0-1

[Event "NOR-chT 1415"]
[Site "Norway"]
[Date "2015.02.07"]
[Round "7.3"]
[White "Christenson, Flemming"]
[Black "Royset, Jon Kristian"]
[Result "0-1"]
[WhiteElo "2259"]
[BlackElo "2255"]
[PlyCount "102"]
[EventDate "2014.10.31"]
[EventType "team-tourn"]
[EventRounds "11"]
[EventCountry "NOR"]
[SourceTitle "EXT 2016"]
[Source "ChessBase"]
[SourceDate "2015.10.08"]
[SourceVersion "1"]
[SourceVersionDate "2015.10.08"]
[SourceQuality "1"]
[WhiteTeam "Nordstrand"]
[BlackTeam "Tromsoe"]
[WhiteTeamCountry "NOR"]
[BlackTeamCountry "NOR"]

1. d4 f5 2. e4 fxe4 3. Nc3 Nf6 4. Bg5 Nc6 5. d5 Ne5 6. Qd4 d6 7. Nxe4 c6 8. Bxf6 gxf6 9. f4 Nf7 10. 0-0-0 Qb6 11. Ng3 Qxd4 12. Rxd4 Bh6 13. Kb1 c5 14. Re4 f5 15. Bb5+ Kd8 16. Ra4 Rf8 17. Nh5 a6 18. Ra3 Rg8 19. g3 Bf8 20. Be2 Bd7 21. c4 Rb8 22. Nf3 Rg6 23. Re1 Be8 24. Nh4 Nh6 25. Re3 Bf7 26. Bf3 b5 27. cxb5 axb5 28. Ra3 Rg4 29. h3 b4 30. Rae3 Rg8 31. Rd1 Rb5 32. a4 bxa3 33. Rxa3 Bxh5 34. Bxh5 Bg7 35. Rd2 Rb8 36. Re2 Bf6 37. Ng2 Kc7 38. Ka2 Rb7 39. b3 Rxg3 40. h4 Rh3 41. Be8 Rh1 42. Ne1 Kb8 43. h5 Rf1 44. Ra4 Ra7 45. Rxa7 Kxa7 46. Kb1 Bh4 47. Ra2+ Kb6 48. Ra8 Bxe1 49. Bc6 c4 50. bxc4 Kc5 51. Re8 Bc3+ 0-1

[Event "NOR-ch Master"]
[Site "Trondheim"]
[Date "2014.07.16"]
[Round "6"]
[White "Breivik, Lars H"]
[Black "Royset, Jon Kristian"]
[Result "1/2-1/2"]
[WhiteElo "2220"]
[BlackElo "2217"]
[PlyCount "71"]
[EventDate "2014.07.12"]
[EventType "swiss"]
[EventRounds "9"]
[EventCountry "NOR"]
[SourceTitle "EXT 2019"]
[Source "ChessBase"]
[SourceDate "2018.10.10"]
[SourceVersion "1"]
[SourceVersionDate "2018.10.10"]
[SourceQuality "1"]

1. d4 e6 2. Nf3 f5 3. Bf4 Nf6 4. e3 h6 5. h3 g5 6. Bh2 Bg7 7. Bd3 0-0 8. Nbd2 Nc6 9. c3 d6 10. Qb3 Kh8 11. 0-0-0 Qe7 12. e4 f4 13. g4 e5 14. d5 Nd8 15. Ne1 c6 16. f3 Nf7 17. h4 Kg8 18. hxg5 hxg5 19. Bg1 c5 20. Nc2 Rb8 21. a4 Qc7 22. Nc4 b6 23. N2a3 a6 24. Rh2 Bd7 25. Nd2 Qa7 26. c4 Qc7 27. Ndb1 Rb7 28. Nc3 Rfb8 29. Rdd2 Qd8 30. Qd1 Nh8 31. Qf1 Ng6 32. Bf2 Qe8 33. b3 Ne7 34. Be1 Nc8 35. Rh3 Ne7 36. Be2 1/2-1/2

[Event "NOR-ch Master"]
[Site "Trondheim"]
[Date "2014.07.14"]
[Round "3"]
[White "Royset, Jon Kristian"]
[Black "Vea, Odin Blikra"]
[Result "1-0"]
[WhiteElo "2217"]
[BlackElo "2235"]
[PlyCount "63"]
[EventDate "2014.07.12"]
[EventType "swiss"]
[EventRounds "9"]
[EventCountry "NOR"]
[SourceTitle "EXT 2019"]
[Source "ChessBase"]
[SourceDate "2018.10.10"]
[SourceVersion "1"]
[SourceVersionDate "2018.10.10"]
[SourceQuality "1"]

1. e4 c5 2. Nf3 Nc6 3. Bb5 Na5 4. Be2 e6 5. 0-0 a6 6. c4 d6 7. d4 cxd4 8. Qxd4 Nc6 9. Qe3 Nf6 10. Nc3 Be7 11. Rd1 Qc7 12. a3 0-0 13. b4 Ng4 14. Qf4 Nge5 15. Bb2 Nxf3+ 16. Qxf3 f5 17. exf5 Rxf5 18. Qh3 Ne5 19. Rd4 Bd7 20. Qe3 Qb6 21. Rad1 Qa7 22. Ne4 Ba4 23. R1d2 b5 24. cxb5 d5 25. g4 Rf7 26. Nc3 Bh4 27. f4 Ng6 28. Nxa4 Nxf4 29. b6 Qb8 30. Rxf4 Qxf4 31. Qxf4 Rxf4 32. b7 1-0

[Event "NOR-ch Master"]
[Site "Trondheim"]
[Date "2014.07.12"]
[Round "1"]
[White "Royset, Jon Kristian"]
[Black "Gronnestad, Anita"]
[Result "1-0"]
[WhiteElo "2217"]
[BlackElo "1990"]
[PlyCount "67"]
[EventDate "2014.07.12"]
[EventType "swiss"]
[EventRounds "9"]
[EventCountry "NOR"]
[SourceTitle "EXT 2019"]
[Source "ChessBase"]
[SourceDate "2018.10.10"]
[SourceVersion "1"]
[SourceVersionDate "2018.10.10"]
[SourceQuality "1"]

1. e4 c5 2. Nf3 e6 3. d3 Nc6 4. g3 d6 5. Bg2 g6 6. 0-0 Bg7 7. c3 e5 8. a3 Nge7 9. b4 a6 10. Nbd2 0-0 11. Bb2 cxb4 12. cxb4 h6 13. Re1 Be6 14. d4 exd4 15. Nb3 Bxb3 16. Qxb3 Qb6 17. Rab1 Ne5 18. Nxd4 Ng4 19. Red1 Nc6 20. Qd5 Nce5 21. h3 Nf6 22. Qb3 Rac8 23. Rbc1 Rfe8 24. Rxc8 Rxc8 25. Ne6 Bh8 26. Bd4 Qb5 27. Bf1 Qe8 28. Bxe5 dxe5 29. Nc5 b6 30. Nb7 Nxe4 31. Bg2 Qc6 32. Bxe4 Qxe4 33. Nd6 Qc2 34. Qxf7# 1-0

[Event "Benidorm op U2300 12th"]
[Site "Benidorm"]
[Date "2013.12.07"]
[Round "10"]
[White "Royset, Jon Kristian"]
[Black "Buenafe Moya, Javier"]
[Result "1/2-1/2"]
[WhiteElo "2154"]
[BlackElo "2227"]
[PlyCount "113"]
[EventDate "2013.11.29"]
[EventType "swiss"]
[EventRounds "10"]
[EventCountry "ESP"]
[SourceTitle "CBM 157 Extra"]
[Source "ChessBase"]
[SourceDate "2013.12.19"]
[SourceVersion "1"]
[SourceVersionDate "2013.12.19"]
[SourceQuality "1"]

1. Nf3 d6 2. d4 Bg4 3. c4 g6 4. e3 Bg7 5. Be2 Nd7 6. 0-0 c6 7. Nc3 Ngf6 8. h3 Bxf3 9. Bxf3 0-0 10. e4 a5 11. Be3 Re8 12. Qc2 Qc7 13. Rac1 Rac8 14. Be2 Qb8 15. Qb1 b6 16. a3 Rc7 17. f4 e5 18. dxe5 dxe5 19. f5 Rd8 20. b4 axb4 21. axb4 Qb7 22. Rcd1 Ra8 23. fxg6 hxg6 24. Qb3 Nf8 25. Na4 N8d7 26. Bf3 Bf8 27. Nb2 Qa6 28. Nd3 Qa3 29. Rb1 Rca7 30. Bc1 Qxb3 31. Rxb3 c5 32. Bg5 Nh7 33. Bh4 cxb4 34. Nxb4 Ra4 35. Rfb1 Rc8 36. Bg4 Rxc4 37. Nd5 Bc5+ 38. Kh2 Nhf8 39. Ne7+ Kg7 40. Bf3 Rxe4 41. Bxe4 Rxe4 42. Rg3 Kh7 43. Rg4 Rxg4 44. hxg4 g5 45. Bxg5 f6 46. Bxf6 Nxf6 47. Nc6 Nxg4+ 48. Kg3 Ne3 49. Nxe5 Bd6 50. Kf3 Bxe5 51. Kxe3 Bd6 52. Ke4 Bc5 53. Kd5 Ng6 54. Kc6 Ne5+ 55. Kb5 Nd3 56. Kc6 Ne5+ 57. Kb5 1/2-1/2

[Event "Tromsoe CC-ch"]
[Site "Tromsoe"]
[Date "2013.11.14"]
[Round "7"]
[White "Royset, Jon Kristian"]
[Black "Jessen, Simon Pind"]
[Result "0-1"]
[WhiteElo "2075"]
[BlackElo "1958"]
[PlyCount "54"]
[EventDate "2013.09.19"]
[EventType "swiss"]
[EventRounds "9"]
[EventCountry "NOR"]
[SourceTitle "EXT 2024"]
[Source "ChessBase"]
[SourceDate "2023.10.10"]
[SourceVersion "1"]
[SourceVersionDate "2023.10.10"]
[SourceQuality "1"]

1. e4 c6 2. d4 d5 3. Nc3 dxe4 4. Nxe4 Bf5 5. Ng3 Bg6 6. h4 h6 7. Nf3 Nf6 8. Ne5 Bh7 9. Bc4 e6 10. Qe2 Bg8 11. Bd2 Nbd7 12. 0-0-0 Qc7 13. Nxf7 Bxf7 14. Bxe6 Bxe6 15. Qxe6+ Kd8 16. c4 Nb6 17. Ba5 Qd7 18. Qe2 Kc8 19. Qc2 Bd6 20. Rh3 Bc7 21. Nf5 Bf4+ 22. Kb1 Nxc4 23. d5 Nxd5 24. Rxd5 cxd5 25. b3 Kb8 26. bxc4 Rc8 27. Ne3 dxc4 0-1

[Event "Tromsoe CC-ch"]
[Site "Tromsoe"]
[Date "2013.09.26"]
[Round "2"]
[White "Royset, Pal"]
[Black "Royset, Jon Kristian"]
[Result "0-1"]
[WhiteElo "2187"]
[BlackElo "2075"]
[PlyCount "84"]
[EventDate "2013.09.19"]
[EventType "swiss"]
[EventRounds "9"]
[EventCountry "NOR"]
[SourceTitle "EXT 2024"]
[Source "ChessBase"]
[SourceDate "2023.10.10"]
[SourceVersion "1"]
[SourceVersionDate "2023.10.10"]
[SourceQuality "1"]

1. e4 e5 2. Nf3 Nc6 3. Bb5 g6 4. d4 exd4 5. Nxd4 Bg7 6. Be3 Nf6 7. Nc3 0-0 8. f3 Ne7 9. Qd2 d5 10. e5 Ne8 11. f4 c5 12. Nb3 b6 13. Bf2 Nc7 14. Be2 f6 15. exf6 Bxf6 16. 0-0-0 Be6 17. Bf3 a5 18. Kb1 a4 19. Nc1 a3 20. b3 d4 21. Ne4 Ned5 22. Nxf6+ Qxf6 23. Rde1 Nc3+ 24. Ka1 Bd5 25. Nd3 Bxf3 26. gxf3 N7d5 27. Bg3 Rae8 28. Ne5 Qf5 29. Nd3 Re3 30. Rxe3 dxe3 31. Qc1 Ra8 32. Re1 Qh3 33. Rxe3 Nxe3 34. Qxe3 Qf1+ 35. Ne1 Qe2 36. Qxe2 Nxe2 37. Nd3 Nxg3 38. hxg3 Re8 39. Kb1 Re3 40. Kc1 Rxf3 41. g4 Rf1+ 42. Kd2 Ra1 0-1

[Event "Tromsoe Arctic NGP-A"]
[Site "Tromsoe"]
[Date "2013.08.18"]
[Round "7"]
[White "Royset, Jon Kristian"]
[Black "Kvisla, Johannes Luangtep"]
[Result "0-1"]
[WhiteElo "2174"]
[BlackElo "2155"]
[PlyCount "132"]
[EventDate "2013.08.16"]
[EventType "swiss"]
[EventRounds "7"]
[EventCountry "NOR"]
[SourceTitle "CBM 156 Extra"]
[Source "ChessBase"]
[SourceDate "2013.10.22"]
[SourceVersion "1"]
[SourceVersionDate "2013.10.22"]
[SourceQuality "1"]

1. e4 c5 2. g3 d5 3. exd5 Qxd5 4. Nf3 Bg4 5. Bg2 Nf6 6. h3 Bh5 7. 0-0 Nc6 8. Nc3 Qd7 9. d3 e6 10. Be3 Be7 11. g4 Bg6 12. Na4 Nd4 13. b3 Nd5 14. Ne5 Qd6 15. Nxg6 hxg6 16. c3 Nxe3 17. fxe3 Nc6 18. Qf3 Ne5 19. Qxb7 Rb8 20. Qe4 f5 21. Qf4 g5 22. Qg3 fxg4 23. d4 Nf3+ 24. Kf2 cxd4 25. cxd4 Qxg3+ 26. Kxg3 Bd6+ 27. Kf2 Nh2 28. Rg1 gxh3 29. Bc6+ Ke7 30. Rxg5 Rbc8 31. Be4 Rhf8+ 32. Ke2 Rf7 33. Rag1 Rh8 34. Nb2 Rh4 35. Bc6 Kf8 36. Nc4 Bb8 37. b4 e5 38. Nxe5 Bxe5 39. Rxe5 Rc7 40. Re4 Ng4 41. b5 h2 42. Rh1 g5 43. Kf3 Rf7+ 44. Kg3 Nf2 45. Rxh4 gxh4+ 46. Kxh2 Nxh1 47. Kxh1 Rf2 48. a4 Ra2 49. a5 Rxa5 50. Kg2 Ra3 51. Kh3 Rxe3+ 52. Kxh4 Re1 53. Kg4 Ke7 54. Kf4 Kd6 55. Bf3 Rb1 56. Be2 Kd5 57. Ke3 Rb3+ 58. Kd2 Kxd4 59. Kc2 Rg3 60. Bf1 Rf3 61. Be2 Rf2 62. Kd2 Rh2 63. Kd1 Ke3 64. Bc4 Rh4 65. Be6 Rb4 66. Bd7 Rd4+ 0-1

[Event "Tromsoe Arctic NGP-A"]
[Site "Tromsoe"]
[Date "2013.08.18"]
[Round "6"]
[White "Royset, Jon Kristian"]
[Black "Turov, Maxim"]
[Result "0-1"]
[WhiteElo "2174"]
[BlackElo "2588"]
[PlyCount "78"]
[EventDate "2013.08.16"]
[EventType "swiss"]
[EventRounds "7"]
[EventCountry "NOR"]
[SourceTitle "CBM 156 Extra"]
[Source "ChessBase"]
[SourceDate "2013.10.22"]
[SourceVersion "1"]
[SourceVersionDate "2013.10.22"]
[SourceQuality "1"]

1. e4 c6 2. d4 d5 3. e5 Bf5 4. Nf3 e6 5. Be2 Ne7 6. 0-0 Nc8 7. Be3 Be7 8. Nbd2 Nb6 9. c3 0-0 10. Ne1 N8d7 11. g4 Bg6 12. f4 f6 13. f5 Bf7 14. Ndf3 Nc4 15. Bxc4 dxc4 16. Qe2 Qc8 17. Qg2 Kh8 18. Qh3 Nb6 19. Nh4 exf5 20. gxf5 g5 21. e6 gxh4 22. exf7 Rxf7 23. Ng2 Qd7 24. Bh6 Rg8 25. Rf4 Bf8 26. Bxf8 Rfxf8 27. Re1 Nd5 28. Rf2 Rg5 29. Kf1 Qf7 30. Re4 Qh5 31. Rf3 Rfg8 32. Rxh4 Qf7 33. Rg3 Qe7 34. Rxg5 fxg5 35. Rg4 Re8 36. Qf3 Nf6 37. Rg3 Ne4 38. f6 Nxg3+ 39. hxg3 Qe6 0-1

[Event "NOR North-ch"]
[Site "Tromsoe"]
[Date "2013.05.??"]
[Round "3"]
[White "Kristensen, Kjell Ole"]
[Black "Royset, Jon Kristian"]
[Result "1-0"]
[WhiteElo "2048"]
[BlackElo "2105"]
[PlyCount "71"]
[EventDate "2013.05.09"]
[EventType "swiss"]
[EventRounds "6"]
[EventCountry "NOR"]
[SourceTitle "EXT 2024"]
[Source "ChessBase"]
[SourceDate "2023.10.10"]
[SourceVersion "1"]
[SourceVersionDate "2023.10.10"]
[SourceQuality "1"]

1. e4 c6 2. d4 d5 3. e5 Bf5 4. h4 h5 5. Bg5 Qb6 6. Bd3 Bxd3 7. Qxd3 e6 8. Nd2 Na6 9. c3 c5 10. Ne2 Ne7 11. 0-0 Nc6 12. c4 cxd4 13. cxd5 Nab4 14. Qe4 exd5 15. Qf5 Ne7 16. Bxe7 Bxe7 17. a3 g6 18. Qh3 Nc6 19. e6 Qc7 20. exf7+ Kf8 21. Qf3 Bd6 22. Qxd5 Rd8 23. Qg5 d3 24. Ng3 Qxf7 25. f4 Be7 26. Qb5 Rd5 27. Qb3 Bxh4 28. Nge4 Bd8 29. Rae1 Bb6+ 30. Kh1 Qf5 31. Ng5 Kg7 32. Ndf3 Rc8 33. Nh4 Qd7 34. Re6 Rxg5 35. fxg5 Qd4 36. Rxg6+ 1-0

[Event "NOR-chT 1112"]
[Site "Norway"]
[Date "2012.01.13"]
[Round "4"]
[White "Royset, Jon Kristian"]
[Black "Miezis, Normunds"]
[Result "0-1"]
[WhiteElo "2229"]
[BlackElo "2547"]
[PlyCount "46"]
[EventDate "2011.11.04"]
[EventType "team-tourn"]
[EventRounds "9"]
[EventCountry "NOR"]
[SourceTitle "EXT 2013"]
[Source "ChessBase"]
[SourceDate "2012.11.22"]
[SourceVersion "1"]
[SourceVersionDate "2012.11.22"]
[SourceQuality "1"]
[WhiteTeam "Tromsoe"]
[BlackTeam "Moss"]
[WhiteTeamCountry "NOR"]
[BlackTeamCountry "NOR"]

1. e4 c5 2. Nf3 e6 3. d3 Nc6 4. g3 g6 5. d4 cxd4 6. Nxd4 d5 7. Nc3 Bg7 8. Nxc6 bxc6 9. Bd3 Ne7 10. 0-0 0-0 11. Na4 f5 12. exf5 Nxf5 13. c4 e5 14. f3 Qd6 15. Kg2 Rb8 16. a3 Qe6 17. Nc5 Qe7 18. Nb3 e4 19. fxe4 dxe4 20. Re1 Nxg3 21. hxg3 Qd7 22. Bf4 Rxf4 23. gxf4 Rxb3 0-1

[Event "NOR-chT 1112"]
[Site "Norway"]
[Date "2011.11.06"]
[Round "3"]
[White "Royset, Jon Kristian"]
[Black "Bae, Torstein"]
[Result "0-1"]
[WhiteElo "2229"]
[BlackElo "2419"]
[PlyCount "80"]
[EventDate "2011.11.04"]
[EventType "team-tourn"]
[EventRounds "9"]
[EventCountry "NOR"]
[SourceTitle "EXT 2013"]
[Source "ChessBase"]
[SourceDate "2012.11.22"]
[SourceVersion "1"]
[SourceVersionDate "2012.11.22"]
[SourceQuality "1"]
[WhiteTeam "Tromsoe"]
[BlackTeam "Oslo SK 1911"]
[WhiteTeamCountry "NOR"]
[BlackTeamCountry "NOR"]

1. e4 e5 2. Nf3 Nc6 3. Nc3 Nf6 4. Bb5 Bc5 5. Nxe5 Nxe5 6. d4 Bd6 7. f4 Nc6 8. e5 Bb4 9. exf6 Qxf6 10. Be3 d5 11. 0-0 Bxc3 12. bxc3 Bf5 13. Qh5 Qg6 14. Qh4 Be4 15. Rf2 f5 16. Re1 a6 17. Be2 0-0 18. Bc1 Qd6 19. Bh5 Na5 20. Re3 Qf6 21. Qg5 h6 22. Qg3 Nc4 23. Re1 b5 24. Be2 Rfe8 25. Bxc4 bxc4 26. Ba3 Rab8 27. Qe3 Kh7 28. g3 Re6 29. Qc1 g5 30. Qd2 g4 31. h4 gxh3 32. Kh2 Rg8 33. Rff1 h5 34. Rg1 Rg4 35. Qf2 Re8 36. Re2 Reg8 37. Bb4 Kg6 38. Ba5 Qc6 39. Qe1 Kf7 40. Qb1 h4 0-1

[Event "Harstad op"]
[Site "Harstad"]
[Date "2011.10.07"]
[Round "6"]
[White "Royset, Jon Kristian"]
[Black "Hoi, Carsten"]
[Result "1-0"]
[WhiteElo "2188"]
[BlackElo "2372"]
[PlyCount "129"]
[EventDate "2011.10.05"]
[EventType "swiss"]
[EventRounds "6"]
[EventCountry "NOR"]
[SourceTitle "EXT 2012"]
[Source "ChessBase"]
[SourceDate "2011.11.24"]
[SourceVersion "1"]
[SourceVersionDate "2011.11.24"]
[SourceQuality "1"]

1. e4 g6 2. d4 Bg7 3. Nf3 d6 4. Bc4 c6 5. Bb3 Nf6 6. Qe2 e5 7. dxe5 dxe5 8. 0-0 Qe7 9. a4 0-0 10. Bc4 Nh5 11. Re1 Nd7 12. Qe3 Nf4 13. Qa3 Qf6 14. a5 Re8 15. b4 a6 16. Be3 Nf8 17. Bf1 Be6 18. Qc1 Bg4 19. Nfd2 Rad8 20. Ra3 h5 21. Nc3 Be6 22. Na4 Nd7 23. Nb3 Bf8 24. Nbc5 Nxc5 25. Bxc5 Bc8 26. Rd1 Rxd1 27. Qxd1 Rd8 28. Qe1 Bg4 29. f3 Bc8 30. Bb6 Re8 31. Ra1 h4 32. c3 Be6 33. Bf2 Be7 34. h3 Kg7 35. Nc5 Bxc5 36. Bxc5 g5 37. Rd1 Rd8 38. Bb6 Rxd1 39. Qxd1 Qe7 40. Bd8 Qd7 41. Qxd7 Bxd7 42. Bxg5 Ng6 43. Bc4 f6 44. Be3 Kf8 45. Bc5+ Kg7 46. Kh2 Kh6 47. Bf7 Nf4 48. Be3 Kg7 49. Bc4 Kf8 50. Bf2 Ng6 51. g3 hxg3+ 52. Kxg3 Nf4 53. Bf1 Kg7 54. Be3 Nh5+ 55. Kh4 Kg6 56. Bc4 Bc8 57. Bd3 Be6 58. Bd2 Bc8 59. Be2 Be6 60. Bc1 Bc8 61. f4 Nxf4 62. Bxf4 exf4 63. Bh5+ Kh6 64. Bg4 f3 65. Kg3 1-0

[Event "Harstad op"]
[Site "Harstad"]
[Date "2011.10.06"]
[Round "3"]
[White "Machlik, Monika"]
[Black "Royset, Jon Kristian"]
[Result "0-1"]
[WhiteElo "1690"]
[BlackElo "2188"]
[PlyCount "46"]
[EventDate "2011.10.05"]
[EventType "swiss"]
[EventRounds "6"]
[EventCountry "NOR"]
[SourceTitle "EXT 2012"]
[Source "ChessBase"]
[SourceDate "2011.11.24"]
[SourceVersion "1"]
[SourceVersionDate "2011.11.24"]
[SourceQuality "1"]

1. d4 Nf6 2. c4 c5 3. Nf3 cxd4 4. Nxd4 e5 5. Nb5 d5 6. cxd5 Bc5 7. e3 0-0 8. N5c3 e4 9. Be2 Re8 10. 0-0 Bf5 11. a3 Nbd7 12. b4 Bd6 13. Bb2 a6 14. Nd2 Rc8 15. Nc4 Rxc4 16. Bxc4 Bxh2+ 17. Kh1 Bd6 18. g3 Ng4 19. Qe1 Nde5 20. Be2 Nf3 21. Qc1 Qg5 22. Kg2 Nxf2 23. Rxf2 Qxg3+ 0-1